[Event "Petroupoli ASOP Dias op 2nd"]
[Site "Petroupoli"]
[Date "2012.02.15"]
[Round "2.1"]
[White "Vlassopoulos, Nikos"]
[Black "Abelakiotis, Stavros"]
[Result "0-1"]
[WhiteElo "1450"]
[BlackElo "1000"]
[PlyCount "62"]
[EventDate "2012.02.11"]
[EventType "swiss"]
[EventRounds "7"]
[EventCountry "GRE"]
[SourceTitle "EXT 2024"]
[Source "ChessBase"]
[SourceDate "2023.10.10"]
[SourceVersion "1"]
[SourceVersionDate "2023.10.10"]
[SourceQuality "1"]

1. e4 e5 2. Nf3 Nc6 3. Bc4 Bc5 4. c3 Nf6 5. d4 exd4 6. cxd4 Bb4+ 7. Bd2 Bxd2+ 8. Nbxd2 d5 9. exd5 Nxd5 10. Qb3 Nce7 11. 0-0 0-0 12. Rfe1 c6 13. Ne4 b5 14. Bd3 f5 15. Nc5 a5 16. Ng5 a4 17. Qd1 Qd6 18. b3 a3 19. Rb1 Nc3 20. Qh5 Qh6 21. Qxh6 gxh6 22. Rxe7 Nxb1 23. Bxb1 hxg5 24. Rc7 Re8 25. Kf1 Rd8 26. Rxc6 Rxd4 27. Bd3 Bd7 28. Nxd7 Rxd7 29. Bxf5 Re7 30. Rc8+ Rxc8 31. Bxc8 Rc7 0-1

[Event "Petroupoli op 7th"]
[Site "Petroupoli"]
[Date "2011.11.16"]
[Round "2"]
[White "Hristodoulaki, Antonia"]
[Black "Vlassopoulos, Nikos"]
[Result "1-0"]
[WhiteElo "1886"]
[BlackElo "1586"]
[PlyCount "51"]
[EventDate "2011.11.12"]
[EventType "swiss"]
[EventRounds "7"]
[EventCountry "GRE"]
[SourceTitle "EXT 2013"]
[Source "ChessBase"]
[SourceDate "2012.11.22"]
[SourceVersion "1"]
[SourceVersionDate "2012.11.22"]
[SourceQuality "1"]

1. c4 e5 2. a3 Nf6 3. Nc3 g6 4. g3 c6 5. Bg2 Bg7 6. e4 0-0 7. d3 d6 8. Bg5 Be6 9. Qd2 Nbd7 10. h4 Qb6 11. Rb1 a6 12. Bf3 Bg4 13. Bxg4 Nxg4 14. f3 f6 15. fxg4 fxg5 16. hxg5 Rf7 17. Kd1 Raf8 18. Kc2 Rf1 19. Nge2 R1f2 20. b4 R8f3 21. Rbg1 a5 22. Nd1 axb4 23. axb4 Qa7 24. Kb1 Qa3 25. Nxf2 Qb3+ 26. Qb2 1-0

[Event "Petroupoli op 7th"]
[Site "Petroupoli"]
[Date "2011.11.12"]
[Round "1"]
[White "Vlassopoulos, Nikos"]
[Black "Fanos, Alexandros"]
[Result "1-0"]
[WhiteElo "1586"]
[BlackElo "1005"]
[PlyCount "63"]
[EventDate "2011.11.12"]
[EventType "swiss"]
[EventRounds "7"]
[EventCountry "GRE"]
[SourceTitle "EXT 2013"]
[Source "ChessBase"]
[SourceDate "2012.11.22"]
[SourceVersion "1"]
[SourceVersionDate "2012.11.22"]
[SourceQuality "1"]

1. e4 e5 2. Nf3 Nc6 3. Nc3 Bb4 4. a3 Ba5 5. b4 Bb6 6. Bb2 Bd4 7. Nxd4 exd4 8. Nd5 Nf6 9. d3 0-0 10. b5 Nxd5 11. exd5 Qe7+ 12. Be2 d6 13. bxc6 Bg4 14. Bxd4 Rfe8 15. Be3 Bxe2 16. Qxe2 Qe5 17. 0-0 bxc6 18. dxc6 Re6 19. Rfe1 Rae8 20. Qd2 f5 21. f4 Qxe3+ 22. Rxe3 Rxe3 23. Kf2 R3e6 24. Rb1 Rf6 25. Rb7 Rf7 26. Rxa7 Rff8 27. Rxc7 Rc8 28. Qa5 Ra8 29. Qd5+ Kh8 30. Qxd6 h6 31. Qe7 Rfe8 32. Qxg7# 1-0

[Event "Petroupoli op 6th"]
[Site "Petroupoli"]
[Date "2011.11.05"]
[Round "7"]
[White "Vlassopoulos, Nikos"]
[Black "Kokkota, Fotini"]
[Result "0-1"]
[WhiteElo "1587"]
[BlackElo "1242"]
[PlyCount "112"]
[EventDate "2011.10.15"]
[EventType "swiss"]
[EventRounds "7"]
[EventCountry "GRE"]
[SourceTitle "EXT 2013"]
[Source "ChessBase"]
[SourceDate "2012.11.22"]
[SourceVersion "1"]
[SourceVersionDate "2012.11.22"]
[SourceQuality "1"]

1. e4 e5 2. Nf3 Nc6 3. Bc4 Bc5 4. c3 Nf6 5. d4 exd4 6. cxd4 Bb4+ 7. Bd2 Bxd2+ 8. Nbxd2 d6 9. d5 Ne7 10. 0-0 0-0 11. Re1 Bg4 12. Qb3 Bc8 13. Rad1 b6 14. Nf1 Bb7 15. Ng3 a6 16. Nh4 Re8 17. f4 Qd7 18. e5 dxe5 19. fxe5 Nfxd5 20. Nf3 b5 21. Bd3 Qc8 22. a3 c5 23. Qc2 h6 24. Nh5 c4 25. Be4 Qg4 26. Ng3 Rab8 27. Nd4 Kh8 28. Qf2 Rf8 29. Ngf5 Nxf5 30. Bxf5 Qf4 31. Qxf4 Nxf4 32. Rd2 Rbd8 33. g3 Nh5 34. Ree2 g6 35. Bg4 Ng7 36. e6 Nxe6 37. Nxe6 fxe6 38. Bxe6 Rxd2 39. Rxd2 Re8 40. Bf7 Re1+ 41. Kf2 Rh1 42. h4 Rh2+ 43. Ke3 Rxd2 44. Kxd2 Kg7 45. Be6 Kf6 46. Bh3 Ke5 47. Ke3 g5 48. hxg5 hxg5 49. Bg4 Be4 50. Bf3 Bxf3 51. Kxf3 Kd4 52. Ke2 c3 53. bxc3+ Kxc3 54. Kf3 Kb3 55. Kg4 Kxa3 56. Kxg5 b4 0-1

[Event "Petroupoli op 6th"]
[Site "Petroupoli"]
[Date "2011.10.15"]
[Round "1"]
[White "Sienczewski, Zbigniew"]
[Black "Vlassopoulos, Nikos"]
[Result "1-0"]
[WhiteElo "2084"]
[BlackElo "1587"]
[PlyCount "27"]
[EventDate "2011.10.15"]
[EventType "swiss"]
[EventRounds "7"]
[EventCountry "GRE"]
[SourceTitle "EXT 2013"]
[Source "ChessBase"]
[SourceDate "2012.11.22"]
[SourceVersion "1"]
[SourceVersionDate "2012.11.22"]
[SourceQuality "1"]

1. c4 c5 2. Nf3 Nc6 3. g3 e6 4. Bg2 f5 5. 0-0 Nf6 6. Nc3 Bd6 7. d4 b6 8. Nb5 Be7 9. Bf4 d6 10. dxc5 bxc5 11. Bxd6 0-0 12. Bxe7 Qxe7 13. Ne5 Rd8 14. Nxc6 1-0

[Event "Petroupoli ASOP Dias op 4th"]
[Site "Petroupoli"]
[Date "2011.06.04"]
[Round "1"]
[White "Darviris, Panagiotis"]
[Black "Vlassopoulos, Nikos"]
[Result "1/2-1/2"]
[WhiteElo "1435"]
[BlackElo "1000"]
[PlyCount "40"]
[EventDate "2011.06.04"]
[EventType "swiss"]
[EventRounds "7"]
[EventCountry "GRE"]
[SourceTitle "EXT 2024"]
[Source "ChessBase"]
[SourceDate "2023.10.10"]
[SourceVersion "1"]
[SourceVersionDate "2023.10.10"]
[SourceQuality "1"]

1. c4 c6 2. Nc3 d5 3. cxd5 cxd5 4. d4 e6 5. g3 f5 6. Nf3 Bd6 7. Bg2 a6 8. 0-0 Nf6 9. Bg5 0-0 10. Ne5 Qc7 11. Bf4 Nc6 12. Rc1 Ng4 13. Nxg4 Bxf4 14. e3 Bd6 15. Ne5 Bxe5 16. dxe5 Qxe5 17. Re1 Rd8 18. Qa4 Rb8 19. Qc2 Ne7 20. a4 b5 1/2-1/2